| 000 | 00771nam a2200241Ia 4500 | ||
|---|---|---|---|
| 005 | 20260430150328.0 | ||
| 008 | 008 250103s9999 xx 000 0 eng d | ||
| 037 | _aTheses | ||
| 040 | _aCRL | ||
| 040 | _beng | ||
| 040 | _ceng | ||
| 041 | _2eng | ||
| 041 | _aeng | ||
| 084 | _qCRL | ||
| 100 |
_aTyagi Preeti Au.; Tyagi Sarita Gu. _91237162 |
||
| 245 | 0 | _aLeadership style and coach-athlete relationship as mediating factor on group cohesion, Locus of control and aggression among selected team games | |
| 260 | _c2023 | ||
| 300 | _a183 | ||
| 650 | _aBiology; Plants | ||
| 700 |
_aUniversity of Delhi. Faculty of Inter- Disciplinary & Applied Science. Deptt. of Physical Education & Sports Sciences _91237161 |
||
| 942 | _cTH | ||
| 999 |
_c1849525 _d1849525 |
||